|
|
|
|
| LEADER |
00000 a a2200000 04500 |
| 001 |
21199 |
| 003 |
|
| 040 |
|
|
|a CRAI/IIS
|c CRAI/IIS
|
| 090 |
|
|
|a 09236.00
|
| 100 |
|
|
|a Luna Soto, José Enrique
|
| 245 |
|
|
|a Las políticas publicas en el agro hondureño y el comportamiento del empleo rural en el periodo 1982-1988 /
|c José Enrique Luna Soto
|
| 260 |
|
|
|a Heredia:
|b UNA
|
| 300 |
|
|
|a 218 páginas
|
| 502 |
|
|
|a Tesis (Magister Scientiarium en Política Económica) -- Universidad Nacional. Facultad de Ciencias Sociales. Escuela de Economía. Maestría en Política Económica para Centroamérica y el Caribe, 1989
|
| 999 |
|
|
|c 18153
|d 18153
|